000 01862nam2a22003611 4500
001 v19\rc\1429395
005 20170113135713.8
035 _a(NLR Aleph) 004675653
090 _a3737258
_c3737258
100 _a20060620d1899 km|b0rusy50 ca
101 0 _arus
102 _aRU
105 _ay g |||||
135 _acrbn 001aaaba
200 0 _a... на 1900 год
_fиздание губернской типографии и статистического комитета под редакцией секретаря комитета [Н.М. Гутьяр]
210 _aОренбург
_cгубернская типо-литография
_d1899
215 _a[3], XXIV, 74, 218, 11 с.
300 _aИмя редактора указано в журнале губ. стат. комитета
325 _aКопия доступна в Электрон. б-ке РНБ http://vivaldi.nlr.ru/bx000002482/view
461 0 _1001v19\rc\1429379
_12001#$aАдрес-календарь и памятная книжка Оренбургской губернии...$f[издание Оренбургского губернского статистического комитета]$v... на 1900 год
702 1 _aГутьяр
_bН. М.
_f1866-1930
_gНиколай Михайлович
_4340
801 0 _aRU
_bNLR
_gpsbo
801 1 _aRU
_bProSoft-M
_2rusmarc
801 2 _aRU
_bNLR
_c20170113
_2rusmarc
852 _aNLR
_jС595Оренб/А32
856 0 _uhttp://vivaldi.nlr.ru/bx000002482/view
856 1 _uhttp://vivaldi.nlr.ru/bx000002482/cover
856 2 _uhttp://vivaldi.nlr.ru/bx000002482/text
942 _cBOOK
980 _aNB
981 2 6 _a(26) Памятные книжки губерний Российской империи
_b(26) Оренбургская губерния